Oživenie bánk všetko nevyrieši
Reštrukturalizácie bánk a podnikov ako spoločný proces. Náklady na reštrukturalizácie bánk. Štruktúra vlastníctva v slovenských bankách.
Gespeichert in:
| 1. Verfasser: | |
|---|---|
| Format: | Buchkapitel |
| Sprache: | Slowakisch |
| Schlagworte: | |
| Tags: |
Keine Tags, Fügen Sie das erste Tag hinzu!
|
MARC
| LEADER | 00000naa a2200000 4500 | ||
|---|---|---|---|
| 001 | r044806 | ||
| 005 | 20230925125606.4 | ||
| 041 | 0 | |a slo | |
| 044 | |a SK | ||
| 245 | 1 | 0 | |a Oživenie bánk všetko nevyrieši |c Rudolf Filkus |
| 520 | |a Reštrukturalizácie bánk a podnikov ako spoločný proces. Náklady na reštrukturalizácie bánk. Štruktúra vlastníctva v slovenských bankách. | ||
| 610 | 2 | 0 | |a banky |
| 610 | 2 | 0 | |a bankovníctvo |
| 610 | 2 | 0 | |a reštrukturalizácia |
| 610 | 2 | 0 | |a oživenie |
| 610 | 2 | 0 | |a vlastníctvo |
| 610 | 2 | 0 | |a Slovensko |
| 100 | 1 | |a Filkus, Rudolf | |